Normal view
MARC view
- Butt, M. H. Masud
Entry Personal Name
001 - CONTROL NUMBER
- control field: 41048
003 - CONTROL NUMBER IDENTIFIER
- control field: NUST
005 - DATE AND TIME OF LATEST TRANSACTION
- control field: 20210314131943.0
008 - FIXED-LENGTH DATA ELEMENTS
- fixed length control field: 210314|| aca||aabn | a|a d
040 ## - CATALOGING SOURCE
- Original cataloging agency: NUST
- Transcribing agency: NUST
100 ## - HEADING--PERSONAL NAME
- Personal name: Butt, M. H. Masud
670 ## - SOURCE DATA FOUND
- Source citation: Work cat.: (NUST): Butt, M. H. Masud, Examples in electrical engineering., 1962
